Hiện tượng trầm buồn ở phụ nữ sau sinh /
Na minha lista:
| Autor principal: | |
|---|---|
| Formato: | Atigo |
| Idioma: | Vietnamese |
| Assuntos: | |
| Tags: |
Adicionar Tag
Sem tags, seja o primeiro a adicionar uma tag!
|
| Thư viện lưu trữ: | Thư viện Trường Đại học Đà Lạt |
|---|
| LEADER | 00709nam a2200241 4500 | ||
|---|---|---|---|
| 001 | DLU180183210 | ||
| 005 | ##20180118 | ||
| 040 | # | # | |a DLU |b vie |
| 041 | # | # | |a vie |
| 044 | # | # | |a vn |
| 100 | # | # | |a Bùi Thị Hồng Thái. |
| 245 | # | # | |a Hiện tượng trầm buồn ở phụ nữ sau sinh / |c Bùi Thị Hồng Thái. |
| 653 | # | # | |a Phụ nữ sau sinh |
| 653 | # | # | |a Trầm buồn |
| 773 | # | # | |t Tâm lý học |g Số 9(198), 2015, tr. 68-82 |
| 920 | # | # | |a Phòng Tạp chí -- Trung tâm Thông tin - Thư viện Trường Đại học Đà Lạt |
| 900 | # | # | |a True |
| 911 | # | # | |a Nguyễn Thị Thu Phương |
| 925 | # | # | |a G |
| 926 | # | # | |a A |
| 927 | # | # | |a BB |
| 980 | # | # | |a Thư viện Trường Đại học Đà Lạt |